Slavery in South Africa (Record no. 269445)

MARC details
000 -LEADER
fixed length control field 00823nam a2200277Ia 4500
003 - CONTROL NUMBER IDENTIFIER
control field OSt
005 - DATE AND TIME OF LATEST TRANSACTION
control field 20220918220647.0
008 - FIXED-LENGTH DATA ELEMENTS--GENERAL INFORMATION
fixed length control field 220917b |||||||| |||| 00| 0 eng d
037 ## - SOURCE OF ACQUISITION
Terms of availability Textual
040 ## - CATALOGING SOURCE
Original cataloging agency ARTS
Transcribing agency ARTS
Language of cataloging eng
041 ## - LANGUAGE CODE
Source of code eng
Language code of text/sound track or separate title eng
100 ## - MAIN ENTRY--PERSONAL NAME
Personal name Eldredge Elizabeth A Ed.
9 (RLIN) 138019
245 #0 - TITLE STATEMENT
Title Slavery in South Africa
Remainder of title Captive labor on the Dutch frontier
260 ## - PUBLICATION, DISTRIBUTION, ETC.
Place of publication, distribution, etc. Boulder
Name of publisher, distributor, etc. Westview press
Date of publication, distribution, etc. 1994
300 ## - PHYSICAL DESCRIPTION
Extent xix,311p
Dimensions cm.
490 ## - SERIES STATEMENT
Series statement African Modeernization and Davelopment
500 ## - GENERAL NOTE
General note includes Index
650 ## - SUBJECT ADDED ENTRY--TOPICAL TERM
Topical term or geographic name entry element SOCIOLOGY
700 ## - ADDED ENTRY--PERSONAL NAME
Personal name Morton Fred Ed.
9 (RLIN) 138020
942 ## - ADDED ENTRY ELEMENTS (KOHA)
Classification part Y492.63, N4
Koha item type Textual
Source of classification or shelving scheme Colon Classification (CC)
Holdings
Withdrawn status Lost status Damaged status Not for loan Home library Current library Date acquired Total Checkouts Full call number Barcode Date last seen Price effective from Koha item type Public note
        Arts Library Arts Library 2022-09-18   Y492.63 N4 AL1124020 2022-09-18 2022-09-18 Textual Bib 271-92p
Copyright @ Delhi University Library System